[Event "2021 US Open 4-Day Schedule"]
[Site "Crowne Plaza Cherry Hill, United States"]
[Date "????.??.??"]
[Round "2.1"]
[White "Gareyev, Timur"]
[Black "Lavoice, Richard"]
[Result "1-0"]
[TimeControl "G/60;d5"]
[WhiteElo "2692"]
[BlackElo "1911"]

1. d4 {[%clk 00:54:51]} f5 {[%clk 01:00:00]} 2. h4 {[%clk 00:54:51]} Nf6 {[%clk
00:59:44]} {[%emt 00:00:29]} 3. Bg5 {[%clk 00:54:25]} {[%emt 00:00:27]} e6
{[%clk 00:59:10]} {[%emt 00:00:34]} 4. g4 {[%clk 00:51:29]} {[%emt 00:03:11]}
Be7 {[%clk 00:56:41]} {[%emt 00:02:26]} 5. gxf5 {[%clk 00:51:20]} {[%emt
00:00:06]} exf5 {[%clk 00:56:33]} {[%emt 00:00:15]} 6. e3 {[%clk 00:48:23]}
{[%emt 00:03:00]} d5 {[%clk 00:51:38]} {[%emt 00:05:05]} 7. c4 {[%clk
00:45:58]} {[%emt 00:02:27]} c6 {[%clk 00:48:10]} {[%emt 00:03:56]} 8. Nc3
{[%clk 00:45:41]} Be6 {[%clk 00:45:20]} {[%emt 00:02:48]} 9. Qb3 {[%clk
00:44:10]} {[%emt 00:01:36]} Qb6 {[%clk 00:43:30]} {[%emt 00:01:56]} 10. Bxf6
{[%clk 00:42:09]} {[%emt 00:02:40]} Qxb3 {[%clk 00:41:34]} {[%emt 00:01:45]} 11.
axb3 {[%clk 00:42:09]} Bxf6 {[%clk 00:41:12]} {[%emt 00:00:12]} 12. cxd5 {[%clk
00:41:50]} {[%emt 00:00:22]} Bxd5 {[%clk 00:36:56]} {[%emt 00:04:44]} 13. Nxd5
{[%clk 00:41:50]} cxd5 {[%clk 00:36:49]} 14. Bg2 {[%clk 00:41:36]} {[%emt
00:00:13]} Nc6 {[%clk 00:35:45]} {[%emt 00:01:11]} 15. Bxd5 {[%clk 00:41:29]}
{[%emt 00:00:47]} Kd7 {[%clk 00:34:54]} {[%emt 00:00:18]} 16. Nf3 {[%clk
00:40:19]} {[%emt 00:01:14]} Nb4 {[%clk 00:28:00]} {[%emt 00:06:59]} 17. Bxb7
{[%clk 00:37:32]} {[%emt 00:03:06]} Nc2+ {[%clk 00:27:49]} {[%emt 00:00:05]} 18.
Ke2 {[%clk 00:37:20]} {[%emt 00:00:19]} Nxa1 {[%clk 00:27:43]} {[%emt
00:00:44]} 19. Bxa8 {[%clk 00:37:17]} Nxb3 {[%clk 00:22:13]} {[%emt 00:05:42]}
20. Bd5 {[%clk 00:37:17]} Rb8 {[%clk 00:21:06]} {[%emt 00:00:50]} 21. Kd3
{[%clk 00:37:06]} {[%emt 00:00:07]} Na5 {[%clk 00:20:39]} {[%emt 00:00:31]} 22.
Ra1 {[%clk 00:36:56]} {[%emt 00:00:50]} Nc6 {[%clk 00:18:37]} {[%emt 00:01:35]}
23. Kc3 {[%clk 00:35:29]} {[%emt 00:01:38]} Rb7 {[%clk 00:17:33]} {[%emt
00:01:00]} 24. Ne5+ {[%clk 00:34:23]} {[%emt 00:01:53]} Bxe5 {[%clk 00:16:50]}
{[%emt 00:00:05]} 25. dxe5 {[%clk 00:34:23]} {[%emt 00:00:30]} Rc7 {[%clk
00:16:26]} {[%emt 00:00:05]} 26. Bxc6+ {[%clk 00:33:53]} {[%emt 00:00:47]} Kxc6
{[%clk 00:15:20]} {[%emt 00:00:58]} 27. Kc4 {[%clk 00:33:53]} {[%emt 00:00:28]}
Kd7+ {[%clk 00:12:22]} {[%emt 00:02:39]} 28. Kd5 {[%clk 00:33:53]} {[%emt
00:00:42]} Ke7 {[%clk 00:10:58]} {[%emt 00:00:50]} 29. f4 {[%clk 00:32:28]}
{[%emt 00:01:53]} Kd7 {[%clk 00:09:22]} {[%emt 00:01:23]} 30. h5 {[%clk
00:31:53]} {[%emt 00:00:35]} Rb7 {[%clk 00:08:12]} {[%emt 00:01:28]} 31. Rg1
{[%clk 00:31:38]} {[%emt 00:00:29]} Ke8 {[%clk 00:06:56]} {[%emt 00:01:10]} 32.
Ke6 {[%clk 00:31:34]} {[%emt 00:00:11]} Rf7 {[%clk 00:04:39]} {[%emt 00:02:15]}
33. Rc1 {[%clk 00:31:17]} 1-0

[Event "2021 US Open 4-Day Schedule"]
[Site "Crowne Plaza Cherry Hill, United States"]
[Date "????.??.??"]
[Round "2.2"]
[White "Golsefidy, Sepehr"]
[Black "Akobian, Varuzhan"]
[Result "0-1"]
[TimeControl "G/60;d5"]
[BlackTitle "GM"]
[WhiteElo "1928"]
[BlackElo "2678"]

1. e4 {[%clk 00:59:36]} d6 {[%clk 00:59:57]} 2. d4 {[%clk 00:59:23]} {[%emt
00:00:14]} Nf6 {[%clk 00:59:57]} 3. Nc3 {[%clk 00:59:17]} {[%emt 00:00:45]} c6
{[%clk 00:59:57]} 4. Be3 {[%clk 00:58:10]} {[%emt 00:00:48]} Qb6 {[%clk
00:59:26]} {[%emt 00:00:35]} 5. Rb1 {[%clk 00:54:33]} {[%emt 00:03:49]} Ng4
{[%clk 00:59:13]} 6. Bc4 {[%clk 00:48:20]} {[%emt 00:06:16]} e5 {[%clk
00:57:46]} {[%emt 00:01:35]} 7. Qf3 {[%clk 00:43:56]} {[%emt 00:04:26]} Qc7
{[%clk 00:57:18]} {[%emt 00:01:06]} 8. a4 {[%clk 00:36:41]} {[%emt 00:07:48]}
Na6 {[%clk 00:51:19]} {[%emt 00:05:03]} 9. b4 {[%clk 00:30:56]} {[%emt
00:06:06]} exd4 {[%clk 00:41:44]} {[%emt 00:09:24]} 10. Bxd4 {[%clk 00:29:40]}
{[%emt 00:01:24]} Ne5 {[%clk 00:41:35]} {[%emt 00:00:37]} 11. Bxe5 {[%clk
00:28:16]} {[%emt 00:01:02]} dxe5 {[%clk 00:38:46]} {[%emt 00:03:26]} 12. b5
{[%clk 00:22:32]} {[%emt 00:05:18]} Nc5 {[%clk 00:37:46]} {[%emt 00:01:36]} 13.
Nge2 {[%clk 00:19:49]} {[%emt 00:02:21]} Be6 {[%clk 00:35:57]} {[%emt
00:02:07]} 14. Bxe6 {[%clk 00:19:33]} {[%emt 00:00:07]} Nxe6 {[%clk 00:35:57]}
{[%emt 00:00:04]} 15. O-O {[%clk 00:17:55]} {[%emt 00:02:11]} Bc5 {[%clk
00:35:34]} 16. Ng3 {[%clk 00:13:31]} {[%emt 00:04:22]} O-O {[%clk 00:34:18]}
{[%emt 00:01:22]} 17. Qg4 {[%clk 00:12:56]} {[%emt 00:00:43]} Rad8 {[%clk
00:33:21]} {[%emt 00:01:11]} 18. Nce2 {[%clk 00:11:15]} {[%emt 00:01:41]} g6
{[%clk 00:31:45]} {[%emt 00:01:52]} 19. Rb3 {[%clk 00:10:16]} {[%emt 00:00:52]}
Rd2 {[%clk 00:29:47]} {[%emt 00:02:17]} 20. Nf5 {[%clk 00:08:51]} {[%emt
00:01:11]} Kh8 {[%clk 00:28:27]} {[%emt 00:02:21]} 21. Rg3 {[%clk 00:05:50]}
{[%emt 00:02:08]} Qd8 {[%clk 00:25:24]} {[%emt 00:03:09]} 22. Nh6 {[%clk
00:05:24]} {[%emt 00:01:21]} Rxc2 {[%clk 00:19:09]} {[%emt 00:05:29]} 23. Nxf7+
{[%clk 00:03:49]} {[%emt 00:02:22]} Rxf7 {[%clk 00:19:06]} 24. Qxe6 {[%clk
00:03:44]} Bxf2+ {[%clk 00:12:51]} {[%emt 00:05:58]} 25. Kh1 {[%clk 00:03:41]}
{[%emt 00:00:05]} Rf6 {[%clk 00:12:30]} {[%emt 00:00:26]} 26. Qxe5 {[%clk
00:03:24]} {[%emt 00:00:23]} Rxe2 {[%clk 00:12:15]} {[%emt 00:00:29]} 27. Rf3
{[%clk 00:03:23]} Bd4 {[%clk 00:11:12]} {[%emt 00:01:03]} 28. Qg5 {[%clk
00:03:20]} {[%emt 00:00:35]} Rxe4 {[%clk 00:11:03]} 29. Rd1 {[%clk 00:03:00]}
{[%emt 00:00:12]} Qe7 {[%clk 00:10:34]} {[%emt 00:00:35]} 30. Rxf6 {[%clk
00:02:18]} {[%emt 00:00:57]} Bxf6 {[%clk 00:10:02]} {[%emt 00:00:34]} 31. Qg3
{[%clk 00:02:18]} Kg7 {[%clk 00:09:50]} {[%emt 00:00:19]} 32. bxc6 {[%clk
00:02:09]} {[%emt 00:00:39]} bxc6 {[%clk 00:09:50]} 33. Rb1 {[%clk 00:01:58]}
h5 {[%clk 00:09:05]} {[%emt 00:00:38]} 34. h3 {[%clk 00:01:54]} {[%emt
00:00:27]} Kh7 {[%clk 00:08:44]} {[%emt 00:00:11]} 35. a5 {[%clk 00:01:52]}
{[%emt 00:00:21]} a6 {[%clk 00:08:24]} {[%emt 00:00:52]} 0-1

[Event "2021 US Open 4-Day Schedule"]
[Site "Crowne Plaza Cherry Hill, United States"]
[Date "????.??.??"]
[Round "2.3"]
[White "Liang, Awonder"]
[Black "Kinney, Zachary"]
[Result "1-0"]
[TimeControl "G/60;d5"]
[WhiteTitle "GM"]
[WhiteElo "2674"]
[BlackElo "1900"]

1. Nf3 {[%clk 01:00:00]} d5 {[%clk 00:56:43]} {[%emt 00:03:18]} 2. g3 {[%clk
00:59:59]} {[%emt 00:00:12]} Nf6 {[%clk 00:56:32]} {[%emt 00:00:10]} 3. Bg2
{[%clk 00:59:59]} {[%emt 00:00:30]} c5 {[%clk 00:56:16]} {[%emt 00:00:07]} 4.
O-O {[%clk 00:59:59]} Nc6 {[%clk 00:56:04]} {[%emt 00:00:10]} 5. d4 {[%clk
00:59:59]} {[%emt 00:00:37]} e6 {[%clk 00:54:46]} {[%emt 00:00:51]} 6. c4
{[%clk 00:59:58]} {[%emt 00:00:19]} Be7 {[%clk 00:53:10]} {[%emt 00:01:31]} 7.
cxd5 {[%clk 00:59:11]} {[%emt 00:00:50]} exd5 {[%clk 00:52:56]} {[%emt
00:00:18]} 8. Nc3 {[%clk 00:59:09]} {[%emt 00:00:20]} c4 {[%clk 00:52:13]}
{[%emt 00:00:35]} 9. Ne5 {[%clk 00:57:05]} {[%emt 00:02:10]} O-O {[%clk
00:52:02]} {[%emt 00:00:23]} 10. b3 {[%clk 00:56:13]} {[%emt 00:00:50]} cxb3
{[%clk 00:49:16]} {[%emt 00:02:50]} 11. axb3 {[%clk 00:56:05]} {[%emt
00:00:46]} Bb4 {[%clk 00:48:13]} {[%emt 00:00:37]} 12. Bb2 {[%clk 00:54:52]}
{[%emt 00:01:33]} Be6 {[%clk 00:46:57]} {[%emt 00:01:04]} 13. Qd3 {[%clk
00:53:22]} {[%emt 00:01:52]} Qc8 {[%clk 00:46:01]} {[%emt 00:00:46]} 14. Rfc1
{[%clk 00:51:58]} {[%emt 00:01:27]} Qd8 {[%clk 00:43:30]} {[%emt 00:03:19]} 15.
Na4 {[%clk 00:49:55]} {[%emt 00:01:59]} Nxe5 {[%clk 00:34:15]} {[%emt
00:08:49]} 16. dxe5 {[%clk 00:49:07]} {[%emt 00:00:50]} Ng4 {[%clk 00:32:46]}
{[%emt 00:01:34]} 17. h3 {[%clk 00:47:50]} {[%emt 00:01:25]} Nh6 {[%clk
00:32:32]} {[%emt 00:00:16]} 18. Nc5 {[%clk 00:44:18]} {[%emt 00:03:51]} b6
{[%clk 00:31:26]} {[%emt 00:01:01]} 19. Na6 {[%clk 00:44:01]} {[%emt 00:00:19]}
Be7 {[%clk 00:26:49]} {[%emt 00:04:40]} 20. Nc7 {[%clk 00:44:00]} {[%emt
00:00:14]} Rc8 {[%clk 00:25:24]} {[%emt 00:02:24]} 21. Nxd5 {[%clk 00:43:56]}
Rxc1+ {[%clk 00:25:01]} 22. Bxc1 {[%clk 00:43:50]} {[%emt 00:00:07]} Bc5 {[%clk
00:22:44]} {[%emt 00:02:05]} 23. Bxh6 {[%clk 00:43:38]} {[%emt 00:00:45]} gxh6
{[%clk 00:22:44]} 24. Nf6+ {[%clk 00:43:28]} {[%emt 00:00:06]} 1-0

[Event "2021 US Open 4-Day Schedule"]
[Site "Crowne Plaza Cherry Hill, United States"]
[Date "????.??.??"]
[Round "2.4"]
[White "Yalamanchili, Jay Krish"]
[Black "Moradiabadi, Elshan"]
[Result "1-0"]
[TimeControl "G/60;d5"]
[BlackTitle "GM"]
[WhiteElo "1909"]
[BlackElo "2649"]

1. e4 {[%clk 01:00:00]} c5 {[%clk 00:58:57]} {[%emt 00:01:16]} 2. Nf3 {[%clk
00:59:55]} d6 {[%clk 00:58:25]} {[%emt 00:00:16]} 3. Bc4 {[%clk 00:58:53]}
{[%emt 00:01:28]} Nc6 {[%clk 00:58:19]} 4. h3 {[%clk 00:58:18]} {[%emt
00:00:30]} Nf6 {[%clk 00:58:17]} {[%emt 00:00:13]} 5. d3 {[%clk 00:57:04]}
{[%emt 00:01:26]} g6 {[%clk 00:58:10]} {[%emt 00:00:04]} 6. Nc3 {[%clk
00:56:14]} {[%emt 00:00:48]} Bg7 {[%clk 00:58:08]} {[%emt 00:00:16]} 7. O-O
{[%clk 00:55:31]} {[%emt 00:00:58]} O-O {[%clk 00:57:35]} {[%emt 00:00:19]} 8.
Be3 {[%clk 00:54:40]} {[%emt 00:01:17]} a6 {[%clk 00:55:25]} {[%emt 00:01:53]}
9. a4 {[%clk 00:54:28]} {[%emt 00:00:40]} e6 {[%clk 00:54:33]} {[%emt
00:00:38]} 10. e5 {[%clk 00:52:46]} {[%emt 00:01:51]} dxe5 {[%clk 00:54:25]}
{[%emt 00:00:09]} 11. Bxc5 {[%clk 00:52:43]} {[%emt 00:00:27]} Re8 {[%clk
00:54:25]} 12. Ne4 {[%clk 00:50:12]} {[%emt 00:02:52]} Nxe4 {[%clk 00:54:04]}
13. dxe4 {[%clk 00:50:12]} Qa5 {[%clk 00:54:04]} {[%emt 00:00:04]} 14. Be3
{[%clk 00:49:13]} {[%emt 00:00:57]} Rd8 {[%clk 00:54:00]} {[%emt 00:00:57]} 15.
Qe1 {[%clk 00:46:25]} {[%emt 00:02:31]} Qc7 {[%clk 00:53:57]} 16. c3 {[%clk
00:44:04]} {[%emt 00:02:08]} Na5 {[%clk 00:51:39]} {[%emt 00:02:41]} 17. Ba2
{[%clk 00:41:43]} {[%emt 00:02:08]} Bd7 {[%clk 00:51:02]} {[%emt 00:00:42]} 18.
b4 {[%clk 00:33:24]} {[%emt 00:08:31]} Nc4 {[%clk 00:49:12]} {[%emt 00:02:01]}
19. Bb3 {[%clk 00:33:04]} {[%emt 00:00:30]} Nxe3 {[%clk 00:44:29]} {[%emt
00:05:08]} 20. Qxe3 {[%clk 00:33:03]} Rac8 {[%clk 00:44:29]} 21. c4 {[%clk
00:30:43]} {[%emt 00:02:20]} a5 {[%clk 00:44:29]} 22. b5 {[%clk 00:28:54]}
{[%emt 00:01:44]} f6 {[%clk 00:44:22]} 23. Ne1 {[%clk 00:28:00]} {[%emt
00:01:00]} Be8 {[%clk 00:35:18]} {[%emt 00:09:06]} 24. c5 {[%clk 00:22:47]}
{[%emt 00:05:22]} Bf7 {[%clk 00:34:11]} {[%emt 00:01:10]} 25. Nd3 {[%clk
00:19:53]} {[%emt 00:03:03]} Bh6 {[%clk 00:31:46]} {[%emt 00:02:24]} 26. Qe2
{[%clk 00:14:22]} {[%emt 00:05:37]} Rd4 {[%clk 00:31:36]} {[%emt 00:00:34]} 27.
Rfd1 {[%clk 00:13:39]} {[%emt 00:01:01]} Qe7 {[%clk 00:31:24]} {[%emt
00:00:04]} 28. Qe1 {[%clk 00:11:07]} {[%emt 00:02:20]} Qd8 {[%clk 00:30:25]}
{[%emt 00:01:04]} 29. Qc3 {[%clk 00:10:23]} {[%emt 00:00:47]} Kh8 {[%clk
00:27:41]} {[%emt 00:02:49]} 30. Nb2 {[%clk 00:08:48]} {[%emt 00:01:38]} Bf8
{[%clk 00:27:37]} {[%emt 00:00:10]} 31. Nc4 {[%clk 00:07:20]} {[%emt 00:01:33]}
Bxc5 {[%clk 00:25:15]} {[%emt 00:02:33]} 32. Qxa5 {[%clk 00:06:32]} {[%emt
00:01:18]} Qe7 {[%clk 00:24:34]} {[%emt 00:00:14]} 33. Rxd4 {[%clk 00:05:30]}
{[%emt 00:01:07]} Bxd4 {[%clk 00:24:26]} {[%emt 00:00:26]} 34. Rc1 {[%clk
00:04:38]} {[%emt 00:00:54]} g5 {[%clk 00:24:06]} {[%emt 00:00:22]} 35. Qd2
{[%clk 00:04:34]} {[%emt 00:00:06]} Rg8 {[%clk 00:23:44]} {[%emt 00:00:32]} 36.
Ne3 {[%clk 00:04:22]} {[%emt 00:00:11]} Bg6 {[%clk 00:22:57]} {[%emt 00:01:20]}
37. Qc2 {[%clk 00:04:11]} Re8 {[%clk 00:20:58]} {[%emt 00:02:19]} 38. a5 {[%clk
00:02:28]} {[%emt 00:01:41]} Qb4 {[%clk 00:19:44]} {[%emt 00:00:56]} 39. Qc4
{[%clk 00:01:46]} {[%emt 00:00:47]} Qxa5 {[%clk 00:19:15]} {[%emt 00:00:36]} 40.
Ng4 {[%clk 00:01:44]} {[%emt 00:00:07]} Qd8 {[%clk 00:12:17]} {[%emt 00:07:04]}
41. Qc7 {[%clk 00:01:44]} {[%emt 00:00:18]} h5 {[%clk 00:11:59]} {[%emt
00:00:12]} 42. Ne3 {[%clk 00:00:48]} {[%emt 00:00:54]} Qxc7 {[%clk 00:07:21]}
{[%emt 00:05:21]} 43. Rxc7 {[%clk 00:00:48]} b6 {[%clk 00:07:21]} 44. Nc4
{[%clk 00:00:44]} Bc5 {[%clk 00:06:56]} {[%emt 00:00:07]} 45. Rc6 {[%clk
00:00:40]} {[%emt 00:00:13]} Bxe4 {[%clk 00:06:56]} 46. Rc7 {[%clk 00:00:40]}
{[%emt 00:00:03]} g4 {[%clk 00:06:04]} {[%emt 00:01:18]} 47. hxg4 {[%clk
00:00:40]} hxg4 {[%clk 00:06:04]} 48. Rf7 {[%clk 00:00:40]} g3 {[%clk
00:06:00]} 49. Ne3 {[%clk 00:00:25]} {[%emt 00:00:13]} Ra8 {[%clk 00:05:29]}
{[%emt 00:00:44]} 50. fxg3 {[%clk 00:00:07]} {[%emt 00:00:14]} Bxe3+ {[%clk
00:05:29]} {[%emt 00:00:17]} 51. Kh2 {[%clk 00:00:07]} Bd5 {[%clk 00:04:56]}
{[%emt 00:00:54]} 1-0

[Event "2021 US Open 4-Day Schedule"]
[Site "Crowne Plaza Cherry Hill, United States"]
[Date "????.??.??"]
[Round "2.5"]
[White "Niemann, Hans"]
[Black "Levin, Eric"]
[Result "1-0"]
[TimeControl "G/60;d5"]
[WhiteTitle "GM"]
[WhiteElo "2648"]
[BlackElo "1858"]

1. d4 {[%clk 00:59:58]} Nf6 {[%clk 00:59:54]} {[%emt 00:00:07]} 2. c4 {[%clk
00:59:33]} {[%emt 00:00:28]} e6 {[%clk 00:59:48]} {[%emt 00:00:25]} 3. Nc3
{[%clk 00:59:28]} d5 {[%clk 00:59:43]} {[%emt 00:00:18]} 4. Nf3 {[%clk
00:59:12]} {[%emt 00:00:13]} Be7 {[%clk 00:59:37]} {[%emt 00:00:07]} 5. Bf4
{[%clk 00:59:08]} {[%emt 00:00:12]} O-O {[%clk 00:59:02]} {[%emt 00:01:24]} 6.
e3 {[%clk 00:59:08]} c5 {[%clk 00:55:28]} {[%emt 00:02:56]} 7. dxc5 {[%clk
00:59:07]} {[%emt 00:00:22]} Bxc5 {[%clk 00:54:27]} {[%emt 00:00:51]} 8. a3
{[%clk 00:59:06]} {[%emt 00:00:16]} Nc6 {[%clk 00:53:22]} {[%emt 00:01:07]} 9.
Qc2 {[%clk 00:59:06]} Qe7 {[%clk 00:52:13]} {[%emt 00:01:11]} 10. Rd1 {[%clk
00:57:13]} {[%emt 00:02:28]} dxc4 {[%clk 00:49:43]} {[%emt 00:02:08]} 11. Bxc4
{[%clk 00:57:06]} {[%emt 00:00:32]} Rd8 {[%clk 00:46:45]} {[%emt 00:02:41]} 12.
O-O {[%clk 00:56:58]} {[%emt 00:00:58]} a6 {[%clk 00:45:24]} {[%emt 00:00:57]}
13. Bg5 {[%clk 00:55:23]} {[%emt 00:01:23]} h6 {[%clk 00:39:06]} {[%emt
00:06:39]} 14. Bh4 {[%clk 00:55:15]} Qe8 {[%clk 00:37:57]} {[%emt 00:01:46]} 15.
Ne4 {[%clk 00:54:35]} {[%emt 00:00:07]} Be7 {[%clk 00:35:28]} {[%emt 00:02:37]}
16. Nxf6+ {[%clk 00:54:26]} {[%emt 00:00:16]} Bxf6 {[%clk 00:35:20]} {[%emt
00:00:18]} 17. Bxf6 {[%clk 00:54:25]} {[%emt 00:00:08]} gxf6 {[%clk 00:35:18]}
18. Qe4 {[%clk 00:54:18]} {[%emt 00:00:14]} Ne7 {[%clk 00:29:38]} {[%emt
00:06:01]} 19. Bd3 {[%clk 00:53:34]} {[%emt 00:00:34]} Ng6 {[%clk 00:27:28]}
{[%emt 00:02:10]} 20. Qb4 {[%clk 00:52:57]} {[%emt 00:00:56]} Bd7 {[%clk
00:24:17]} {[%emt 00:03:02]} 21. Bxg6 {[%clk 00:52:34]} {[%emt 00:00:26]} fxg6
{[%clk 00:24:07]} {[%emt 00:00:29]} 22. Qxb7 {[%clk 00:52:34]} Bc6 {[%clk
00:22:44]} {[%emt 00:01:19]} 23. Qc7 {[%clk 00:52:18]} {[%emt 00:00:35]} Rac8
{[%clk 00:17:54]} {[%emt 00:04:40]} 24. Qb6 {[%clk 00:52:02]} {[%emt 00:00:55]}
Bd5 {[%clk 00:12:20]} {[%emt 00:05:43]} 25. b4 {[%clk 00:50:49]} {[%emt
00:00:41]} Qc6 {[%clk 00:10:55]} {[%emt 00:01:33]} 26. Qxc6 {[%clk 00:50:17]}
{[%emt 00:00:31]} Bxc6 {[%clk 00:10:40]} {[%emt 00:00:41]} 27. h3 {[%clk
00:50:01]} {[%emt 00:00:10]} Kf7 {[%clk 00:09:28]} {[%emt 00:01:09]} 28. Rxd8
{[%clk 00:49:58]} {[%emt 00:00:42]} Rxd8 {[%clk 00:09:27]} 29. Rc1 {[%clk
00:49:58]} Rc8 {[%clk 00:06:33]} {[%emt 00:03:16]} 30. Nd4 {[%clk 00:49:11]}
{[%emt 00:00:11]} Bd7 {[%clk 00:06:32]} {[%emt 00:00:17]} 31. Rxc8 {[%clk
00:49:10]} Bxc8 {[%clk 00:06:32]} 32. Kf1 {[%clk 00:49:08]} {[%emt 00:00:16]}
e5 {[%clk 00:06:26]} 33. Nb3 {[%clk 00:49:05]} {[%emt 00:00:11]} Ke6 {[%clk
00:05:58]} {[%emt 00:00:54]} 34. Ke2 {[%clk 00:48:47]} Kd5 {[%clk 00:05:14]}
{[%emt 00:00:44]} 35. Kd3 {[%clk 00:48:35]} {[%emt 00:00:20]} Bd7 {[%clk
00:04:47]} {[%emt 00:00:31]} 36. e4+ {[%clk 00:47:40]} {[%emt 00:01:37]} Kd6
{[%clk 00:04:42]} 37. h4 {[%clk 00:47:29]} Bb5+ {[%clk 00:04:14]} {[%emt
00:00:21]} 38. Kc3 {[%clk 00:47:24]} {[%emt 00:00:31]} Bc6 {[%clk 00:03:50]}
{[%emt 00:00:08]} 39. Nc5 {[%clk 00:47:19]} {[%emt 00:00:11]} Bb5 {[%clk
00:03:25]} {[%emt 00:00:46]} 40. a4 {[%clk 00:47:16]} Bf1 {[%clk 00:03:04]}
{[%emt 00:00:39]} 41. g3 {[%clk 00:47:16]} a5 {[%clk 00:02:28]} {[%emt
00:00:27]} 42. Nb7+ {[%clk 00:47:15]} {[%emt 00:00:09]} Kc7 {[%clk 00:02:24]}
{[%emt 00:00:04]} 43. Nxa5 {[%clk 00:47:15]} {[%emt 00:00:28]} Bg2 {[%clk
00:01:56]} {[%emt 00:00:10]} 44. Kd3 {[%clk 00:47:15]} {[%emt 00:00:04]} Bf1+
{[%clk 00:01:52]} {[%emt 00:00:04]} 45. Ke3 {[%clk 00:47:15]} {[%emt 00:00:33]}
Kb6 {[%clk 00:01:52]} 46. Nb3 {[%clk 00:47:15]} Bc4 {[%clk 00:01:45]} 47. Nc5
{[%clk 00:47:13]} Bf7 {[%clk 00:01:38]} {[%emt 00:00:10]} 48. Nd7+ {[%clk
00:47:13]} {[%emt 00:00:10]} 1-0

[Event "2021 US Open 4-Day Schedule"]
[Site "Crowne Plaza Cherry Hill, United States"]
[Date "????.??.??"]
[Round "2.6"]
[White "Goodkind, Lauren"]
[Black "Shabalov, Alexander"]
[Result "0-1"]
[TimeControl "G/60;d5"]
[BlackTitle "GM"]
[WhiteElo "1856"]
[BlackElo "2624"]

1. e4 {[%clk 00:59:57]} {[%emt 00:20:08]} c5 {[%clk 00:59:50]} {[%emt
00:00:13]} 2. Nf3 {[%clk 00:59:53]} {[%emt 00:00:29]} Nc6 {[%clk 00:59:46]} 3.
d4 {[%clk 00:59:38]} {[%emt 00:00:18]} cxd4 {[%clk 00:59:44]} {[%emt 00:00:28]}
4. Nxd4 {[%clk 00:59:35]} Nf6 {[%clk 00:59:40]} 5. Nc3 {[%clk 00:59:18]} {[%emt
00:00:36]} e6 {[%clk 00:59:37]} 6. Be3 {[%clk 00:57:00]} {[%emt 00:03:13]} Bb4
{[%clk 00:59:20]} 7. Bd3 {[%clk 00:56:02]} {[%emt 00:00:17]} d5 {[%clk
00:58:16]} {[%emt 00:01:08]} 8. Nxc6 {[%clk 00:51:17]} {[%emt 00:04:53]} bxc6
{[%clk 00:55:35]} {[%emt 00:02:50]} 9. exd5 {[%clk 00:50:54]} {[%emt 00:00:21]}
exd5 {[%clk 00:54:17]} {[%emt 00:01:52]} 10. Bd2 {[%clk 00:49:06]} {[%emt
00:01:22]} O-O {[%clk 00:52:57]} {[%emt 00:01:29]} 11. O-O {[%clk 00:48:39]}
{[%emt 00:00:54]} h6 {[%clk 00:52:25]} {[%emt 00:00:23]} 12. Qf3 {[%clk
00:43:33]} {[%emt 00:04:59]} Bd6 {[%clk 00:47:13]} {[%emt 00:05:17]} 13. Bf5
{[%clk 00:40:08]} {[%emt 00:04:39]} Be6 {[%clk 00:44:25]} {[%emt 00:02:21]} 14.
Rfe1 {[%clk 00:39:07]} {[%emt 00:00:52]} Qd7 {[%clk 00:43:52]} {[%emt
00:00:15]} 15. Bxe6 {[%clk 00:33:09]} {[%emt 00:06:42]} fxe6 {[%clk 00:43:50]}
16. Qh3 {[%clk 00:32:09]} {[%emt 00:00:47]} Rae8 {[%clk 00:43:30]} {[%emt
00:00:11]} 17. Re2 {[%clk 00:31:02]} {[%emt 00:01:13]} Qf7 {[%clk 00:43:02]}
{[%emt 00:00:59]} 18. Rf1 {[%clk 00:25:20]} {[%emt 00:05:25]} e5 {[%clk
00:42:13]} {[%emt 00:00:52]} 19. a3 {[%clk 00:23:44]} {[%emt 00:01:39]} e4
{[%clk 00:40:59]} {[%emt 00:01:24]} 20. b4 {[%clk 00:18:36]} {[%emt 00:05:07]}
Re5 {[%clk 00:39:50]} {[%emt 00:02:16]} 21. Bf4 {[%clk 00:15:19]} {[%emt
00:02:19]} Rh5 {[%clk 00:39:31]} {[%emt 00:00:39]} 22. Qg3 {[%clk 00:12:15]}
{[%emt 00:02:53]} Rg5 {[%clk 00:39:02]} {[%emt 00:00:56]} 23. Bxd6 {[%clk
00:10:19]} {[%emt 00:01:38]} Rxg3 {[%clk 00:38:59]} {[%emt 00:00:31]} 24. Bxg3
{[%clk 00:10:05]} Nh5 {[%clk 00:36:50]} {[%emt 00:02:20]} 25. Be5 {[%clk
00:07:38]} {[%emt 00:02:25]} Qf5 {[%clk 00:35:55]} {[%emt 00:01:03]} 26. Bd6
{[%clk 00:05:51]} {[%emt 00:01:46]} Rf6 {[%clk 00:33:41]} {[%emt 00:02:57]} 27.
Bb8 {[%clk 00:05:23]} Rg6 {[%clk 00:33:14]} {[%emt 00:00:28]} 28. Kh1 {[%clk
00:04:59]} {[%emt 00:00:31]} Nf4 {[%clk 00:30:10]} {[%emt 00:03:16]} 29. Bxf4
{[%clk 00:04:32]} {[%emt 00:00:31]} Qxf4 {[%clk 00:30:10]} 30. Rg1 {[%clk
00:02:15]} {[%emt 00:02:18]} Rg5 {[%clk 00:29:26]} {[%emt 00:01:24]} 31. Nd1
{[%clk 00:01:17]} {[%emt 00:00:52]} Rh5 {[%clk 00:29:13]} 32. h3 {[%clk
00:01:10]} {[%emt 00:00:07]} Rxh3+ {[%clk 00:29:05]} {[%emt 00:00:38]} 33. gxh3
{[%clk 00:01:10]} Qf3+ {[%clk 00:29:05]} 34. Kh2 {[%clk 00:01:08]} Qxe2 {[%clk
00:29:05]} {[%emt 00:00:04]} 0-1